ロ。四角の違いについて - Statistics

General Stats
  • This quiz has been taken 15 times
  • The average score is 13 of 16
Answer Stats
Question Answer % Correct
カタカナ
100%
カタカナ
88%
漢字
88%
カタカナ
88%
漢字
88%
カタカナ
88%
漢字
88%
カタカナ
75%
漢字
75%
カタカナ
75%
漢字
75%
カタカナ
75%
漢字
75%
カタカナ
75%
漢字
63%
漢字
63%
No matching quizzes found
Score Distribution
Percent of People with Each Score
Percentile by Number Answered
Your Score History
You have not taken this quiz